| 000 | 02111cam a2200337 i 4500 | ||
|---|---|---|---|
| 003 | OSt | ||
| 005 | 20250903090035.0 | ||
| 008 | 250901s2016 su g bd 001 0 ara c | ||
| 020 | _a9786038128862 | ||
| 024 | 0 | _a00000000833920 | |
| 024 | 0 | _a00000000829272 | |
| 040 |
_aSA-RiAUC _bara _cSA-RiAUC _dAE-DuMBRL _erda |
||
| 050 | 4 | _b.M35 2016 | |
| 082 | 0 | 4 |
_a953.12103 _qSA-RiAUC |
| 090 |
_a953.12103 _bم ك ا |
||
| 100 | 1 |
_aمكاوي، حسام بن عبد العزيز _eمؤلف. |
|
| 245 | 1 | 2 |
_aالمصطلحات الحضارية في مكة المكرمة من خلال بعض الكتب والوثائق المكية من القرن التاسع الهجري حتى منتصف القرن الرابع عشر / _cحسام بن عبد العزيز مكاوي. |
| 264 | 1 |
_aالرياض : _bمركز تاريخ مكة المكرمة : _bدارة الملك عبد العزيز، _c2016. |
|
| 300 |
_a393 صفحة ؛ _c17 × 24 سم |
||
| 336 |
_aنص _btxt _2rdacontent _3كتاب |
||
| 337 |
_aبدون وسيط _bn _2rdamedia |
||
| 338 |
_aمجلد _bnc _2rdacarrier |
||
| 500 | _aكشاف عام : صفحة 329. | ||
| 504 | _aيشتمل على ببليوجرافية. | ||
| 520 | _aهذا الكتاب الذي نقدم له هو حلقة في سلسلة ما كتب عن مكة المكرمة اعتنى فيه الباحث بجمع المصطلحات المتداولة في ذلك البلد الكريم في مدة معينة هي الممتدة من القرن التاسع الهجري إلى منتصف القرن الرابع عشر مستعينا في ذلك بالمصادر والمراجع المتنوعة موردا نصوصا تشهد لما رصده من مصطلحات في تلك المدة شارحا لدلالاتها وسياقاتها لتتضح للقارئ ويعيش معها. | ||
| 650 | 7 |
_aاللغة العربية _xلهجات _zالسعودية _2aucsh |
|
| 650 | 7 |
_aاللغة العربية _vمعاجم _2aucsh |
|
| 651 | 7 |
_aمكة المكرمة _vمعاجم جغرافية _2aucsh |
|
| 942 |
_2ddc _cBOOK _n0 |
||
| 949 |
_aSA-JeALM _d250901 _umohamedma123 _n1 |
||
| 999 |
_c11412 _d11412 |
||